Buslinien Luzern #2 - Statistiken

Allgemein
  • Dieses Quiz wurde 9 mal gespielt
  • Das Durchschnittsergebnis liegt bei 54 aus 78
Antwortstatistiken
Buslinie Haltestellen % Korrekt
Bahnhof Luzern
100%
Bahnhof Luzern
100%
9 Bahnhof Luzern
100%
10 Bahnhof Luzern
100%
11 Bahnhof Luzern
100%
Bundesplatz
100%
Bundesplatz
100%
Kantonalbank
100%
Kantonalbank
100%
Kantonalbank
100%
Kantonalbank
100%
Kantonalbank
100%
Biregghof
80%
Bodenhofterrasse
80%
Bramberg
80%
Brüggligasse
80%
Eisfeldstrasse
80%
Eisfeldstrasse
80%
Geissenstein
80%
Kasernenplatz
80%
Pilatusplatz
80%
Pilatusplatz
80%
Pilatusplatz
80%
Schwanenplatz
80%
Schwanenplatz
80%
Verkehrshaus/Lido
80%
Wartegg
80%
Wartegg
80%
Weinbergli
80%
Weinbergli
80%
Werkhofstrasse
80%
Werkhofstrasse
80%
Wey
80%
8 Würzenbach
80%
Berglistrasse
60%
Brüelstrasse
60%
Casino Palace
60%
Dattenberg
60%
Dietschiberg
60%
Dreilinden
60%
Eichhof
60%
Europe
60%
Felsberg
60%
Gigeliwald
60%
Gütschwald
60%
Haldensteig
60%
Hirtenhof
60%
Hirzenhof
60%
Kloster
60%
Luzernerhof
60%
Luzernerhof
60%
Moosegg
60%
Mühlemattstrasse
60%
Obergütsch
60%
Obergütschhalde
60%
Obergütschrain
60%
Obergütschstrasse
60%
Paulusplatz
60%
Rodtegg
60%
Schönbühl
60%
Sonnenbergstrasse
60%
Steinhof
60%
Steinhofrain
60%
Steinhofstrasse
60%
Sternmatt
60%
Unter-Dattenberg
60%
Untergütsch
60%
7 Unterlöchli
60%
Zähringerstrasse
60%
Zumbachhof
60%
Friedbergstrasse
40%
Gartenheim
40%
Geissmatthöhe
40%
Kapuzinerweg
40%
Morgenweg
40%
Schulhaus Unterlöchli
40%
Würzenbachmatte
40%
Zwyssigplatz
40%
Keine übereinstimmenden Quizze gefunden
Verteilung der Resultate
Anzahl Personen mit jedem Resultat
Perzentil nach korrekt beantworteten Fragen
Ihre Resultats-Entwicklung
Sie haben dieses Quiz noch nicht gespielt